Central Library OPAC University of Rajshahi

The government of the American people, (Record no. 5556)

MARC details
000 -LEADER
fixed length control field 00783cam a22002531 4500
001 - CONTROL NUMBER
control field 5556
003 - CONTROL NUMBER IDENTIFIER
rucl marc code BD-RjUL
005 - DATE AND TIME OF LATEST TRANSACTION
control field 20211208234103.0
008 - FIXED-LENGTH DATA ELEMENTS--GENERAL INFORMATION
fixed length control field 131226s1946 maua b 001 0 eng
035 ## - SYSTEM CONTROL NUMBER
System control number (BD-RjUL)5592
System control number (OCoLC)268731
040 ## - CATALOGING SOURCE
Original cataloging agency DLC
Transcribing agency OTifH
Modifying agency MoSU-L
-- DLC
-- BD-RjUL
Language of cataloging eng
041 ## - LANGUAGE CODE
Language code of text/sound track or separate title eng
082 ## - DEWEY DECIMAL CLASSIFICATION NUMBER
Classification number 342.73
Author mark and year SHG
100 1# - MAIN ENTRY--PERSONAL NAME
Personal name Shoup, Earl L.
Fuller form of name (Earl Leon),
Dates associated with a name 1886-
9 (RLIN) 17403
245 14 - TITLE STATEMENT
Title The government of the American people,
Statement of responsibility, etc. by Earl L. Shoup.
260 ## - PUBLICATION, DISTRIBUTION, ETC. (IMPRINT)
Place of publication, distribution, etc. Boston,
Name of publisher, distributor, etc. Ginn
Date of publication, distribution, etc. c1946.
300 ## - PHYSICAL DESCRIPTION
Pagination ix, 1206 p. :
Illustrations illus. ;
Size 24 cm.
504 ## - BIBLIOGRAPHY, ETC. NOTE
Bibliography, etc Includes bibliographical references and index.
651 #0 - SUBJECT ADDED ENTRY--GEOGRAPHIC NAME
Geographic name United States
General subdivision Politics and government
Form subdivision Handbooks, manuals, etc.
9 (RLIN) 13587
942 ## - ADDED ENTRY ELEMENTS (KOHA)
Source of classification or shelving scheme Dewey Decimal Classification
Koha item type Books
Holdings
Lost status Source of classification or shelving scheme Damaged status Not for loan Collection code Permanent Location Current Location Shelving location Date acquired Source of acquisition Cost, normal purchase price Total Checkouts Full call number Date last seen Copy number Koha item type
  Dewey Decimal Classification   Not For Loan Non-fiction Central Library, University of Rajshahi Central Library, University of Rajshahi   19/11/1957 Dr. Fluno 0.00   342.73 SHG 1946 26/12/2013 C-1 Books